000
00267nam a2200121Ia 4500
005
20251222155146.0
008
251222s9999||||xx |||||||||||||| ||spa||
082
_a
SOC.63
100
_a
BARRIO B.
245
0
_a
Nuevo código penal
264
_b
No tiene
942
_c
LIB
999
_c
39395
_d
39395